000 00263nam a22001097a 4500
082 _a028.703
_bPLA/KE
245 _aKerala: Development report
260 _aNew Delhi
_bAcademic Foundation
_c2008
300 _a476
700 _aPlanning Commission,GOI
942 _cBK
999 _c13809
_d13809